000 00350 a2200157 4500
001 74960
020 _a978850222489
040 _cAnchieta - Colégio São Paulo
100 _aVilas Bôas, Newton
240 1 0 _aTópicos da Física 3
_lpor
245 1 0 _aTópicos da Física 3
300 _a400
362 0 _a2014
650 4 _aFísica
942 _cBK
999 _c74960
_d74960